000 00279nam a22001217a 4500
008 230704b xxu||||| |||| 00| 0 eng d
082 _a343.73
_bUNI
100 _cUNI
245 _aPublic Law 101-549-NOV.15, 1990
260 _c1990
300 _avarrious paging
942 _2ddc
_cBK
999 _c3605
_d3605